LEADER 03525nam 22005894a 450 001 9910451285303321 005 20200520144314.0 010 $a1-281-89697-7 010 $a9786611896973 010 $a981-270-122-2 035 $a(CKB)1000000000334316 035 $a(EBL)296107 035 $a(OCoLC)476063377 035 $a(SSID)ssj0000134041 035 $a(PQKBManifestationID)11148221 035 $a(PQKBTitleCode)TC0000134041 035 $a(PQKBWorkID)10047813 035 $a(PQKB)10070684 035 $a(MiAaPQ)EBC296107 035 $a(WSP)00000283 035 $a(Au-PeEL)EBL296107 035 $a(CaPaEBR)ebr10173910 035 $a(CaONFJC)MIL690554 035 $a(EXLCZ)991000000000334316 100 $a20060324d2005 uy 0 101 0 $aeng 135 $aur|n|---||||| 181 $ctxt 182 $cc 183 $acr 200 00$aCurrent topics in osteoporosis$b[electronic resource] /$feditors, Hong-wen Deng ... [et al.] 210 $aHackensack, New Jesrsy $cWorld Scientific$dc2005 215 $a1 online resource (562 p.) 300 $aDescription based upon print version of record. 311 $a981-256-153-6 320 $aIncludes bibliographical references and indexes. 327 $aFOREWORD; TABLE OF CONTENTS; CHAPTER 1 EPIDEMIOLOGY OF OSTEOPOROSIS; CHAPTER 2 THE SOCIAL AND FINANCIAL COSTS OF OSTEOPOROSIS; CHAPTER 3 PATHOGENESIS OF OSTEOPOROSIS IN ASIAN AND CAUCASIAN WOMEN; CHAPTER 4 NUTRITION AND OSTEOPOROSIS; CHAPTER 5 BONE ADAPTATION TO MECHANICAL LOADING: HOW DOES BONE SENSE THE NEED FOR CHANGE TO LOADING FROM EXERCISE?; CHAPTER 6 THE DIAGNOSIS OF OSTEOPOROSIS IN POSTMENOPAUSAL WOMEN; CHAPTER 7 BIOCHEMICAL MARKERS OF BONE TURNOVER: ASSAY METHODS AND CLINICAL APPLICATION; CHAPTER 8 BONE MARROW ADIPOGENESIS IN OSTEOPOROSIS 327 $aCHAPTER 9 STATISTICAL METHODS IN OSTEOPOROSIS RESEARCHCHAPTER 10 PREVENTION AND TREATMENT OF POSTMENOPAUSAL OSTEOPOROSIS; CHAPTER 11 NOVEL POTENTIAL DRUG TARGETS FOR THE ANTI-RESORPTIVE TREATMENT OF OSTEOPOROSIS; CHAPTER 12 MALE OSTEOPOROSIS; CHAPTER 13 OSTEOPOROSIS AND OSTEOARTHRITIS; CHAPTER 14 OSTEOPOROSIS IN PEDIATRICS; CHAPTER 15 GENETICS OF OSTEOPOROSIS; CHAPTER 16 PHARMACOGENETICS AND PHARMACOGENOMICS OF OSTEOPOROSIS; CHAPTER 17 STUDYING OSTEOPOROSIS AT THE WHOLE-GENOME LEVEL: PROBLEMS AND PROSPECTS; CHAPTER 18 ANIMAL MODELS AND STUDY DESIGN FOR OSTEOPOROSIS RESEARCH 327 $aCHAPTER 19 PREVENTION AND TREATMENT OF OSTEOPOROSIS WITH TRADITIONAL HERBAL MEDICINEAPPENDIX AN INTRODUCTION TO HOLOGIC TECHNOLOGY; SUBJECT INDEX 330 $aThis book reviews important topics in osteoporosis, with the emphasis on both clinical management and basic research of the disease. From the clinical perspective, topics covering pathogenesis, diagnosis, and treatment of osteoporosis are extensively elaborated. Several more chapters complement clinical overview of osteoporosis, that discuss the effects of nutrition and exercise to bone health, the application of biochemical markers in osteoporosis diagnosis, novel potential drug targets for osteoporosis treatment, and osteoporosis in males and in children. As the prevalence of osteoporosis no 606 $aOsteoporosis 608 $aElectronic books. 615 0$aOsteoporosis. 676 $a616.7/16 701 $aDeng$b Hong-wen$0881620 801 0$bMiAaPQ 801 1$bMiAaPQ 801 2$bMiAaPQ 906 $aBOOK 912 $a9910451285303321 996 $aCurrent topics in osteoporosis$91969049 997 $aUNINA LEADER 01992nam 22004933 450 001 9910426038803321 005 20250704115222.0 024 7 $a10.7476/9789978104965 035 $a(CKB)4100000011631759 035 $a(MiAaPQ)EBC6875383 035 $a(Au-PeEL)EBL6875383 035 $a(oapen)https://directory.doabooks.org/handle/20.500.12854/46872 035 $a(NjHacI)994100000011631759 035 $a(Perlego)3237335 035 $a(NyNyDIG)DIGABYALA0214 035 $a(oapen)doab46872 035 $a(EXLCZ)994100000011631759 100 $a20220207d2019 uy 0 101 0 $aspa 135 $aurcnu|||||||| 181 $ctxt$2rdacontent 182 $cc$2rdamedia 183 $acr$2rdacarrier 200 13$aLa Estandarización Ortográfica Del Quichua Ecuatoriano $eConsideraciones Históricas, Dialectológicas y Sociolingüísticas 210 $cSciELO Books - Editorial Abya-Yala$d2019 210 1$aBogota :$cAbya-Yala, Ediciones,$d2019. 210 4$d©2019. 215 $a1 online resource (412 pages) 311 08$a9789978103913 311 08$a9978103910 311 08$a9789978104965 311 08$a9978104968 330 $aEste libro arranca con un estudio de términos, principalmente topónimos, de las lenguas pasto, cara, panzaleo, puruhá, cañar, y palta que son sustratos de la lengua quichua. Propone la discusión acerca de las teorías sobre el origen de la familia quechua/quichua. Muestra el mosaico de las variaciones dialectales actuales, a nivel fonético-fonológico y morfológico, en tanto que en los niveles sintáctico y semántico las diferentes hablas son más regulares. 606 $aQuechua language 615 0$aQuechua language. 676 $a498.323 700 $aMontaluisa Chasiquiza$b Luis$01075854 801 0$bMiAaPQ 801 1$bMiAaPQ 801 2$bMiAaPQ 906 $aBOOK 912 $a9910426038803321 996 $aLa Estandarización Ortográfica Del Quichua Ecuatoriano$92585692 997 $aUNINA